000 00616nam a2200205Ia 4500
008 131103s9999 xx 000 0 und d
020 _cRs.9.75
040 _aLoreto College
041 _aEnglish
082 _a950/950.3/CLY
_bLCLIB/11438
100 _aClyde,Paul Hibbert
245 4 _aThe Far East
_b a history of the impact of the west on eastern Asia
_cPaul Hibbert Clyde
250 _a3rd ed.
260 _aNew Delhi
_bPrentice - Hall of India
_c1963
300 _axxviii,836 p.
_b ill.,maps
_c 22 cm.
504 _aIncludes index
650 _aAsia - History,1480 - 1905
850 _aLCLIB
942 _cBK
999 _c7998
_d58477